Reflection on Pre Modern Kerala (Record no. 195031)

MARC details
000 -LEADER
fixed length control field 00507nam a22001817a 4500
005 - DATE AND TIME OF LATEST TRANSACTION
control field 20230209110942.0
010 ## - LCCN (DPL NO)
LC control number ENG-136177
020 ## - INTERNATIONAL STANDARD BOOK NUMBER
International Standard Book Number 9788188765198
Terms of availability 400.00
035 ## - SYSTEM CONTROL NUMBER
System control number EN-119709
037 ## - SOURCE OF ACQUISITION
Source of stock number/acquisition DBAD/PUB
082 ## - DEWEY DECIMAL CLASSIFICATION NUMBER
Classification number 954.31
100 ## - MAIN ENTRY--PERSONAL NAME
Personal name Ganesh, K.N.
245 ## - TITLE STATEMENT
Title Reflection on Pre Modern Kerala
Statement of responsibility, etc K.N. Ganesh
260 ## - PUBLICATION, DISTRIBUTION, ETC. (IMPRINT)
Place of publication, distribution, etc Kerala
Name of publisher, distributor, etc Cosmo Books
Date of publication, distribution, etc 2016
270 ## - ADDRESS
City Kerala
Electronic mail address cosmobooks@asianetindia.com
300 ## - PHYSICAL DESCRIPTION
Extent 315p.
Other physical details Index
Dimensions 22cm(pbk)
942 ## - ADDED ENTRY ELEMENTS (KOHA)
Source of classification or shelving scheme Dewey Decimal Classification
Item type English Books
Classification part 954.31
Call number suffix GAN
Holdings
Withdrawn status Lost status Not for loan Collection code Home library Current library Date acquired Source of acquisition Cost, normal purchase price Full call number Barcode Copy number Cost, replacement price Koha item type
      Non-fiction R.K.Puram-8 R.K.Puram-8 09/02/2023 DBAD/PUB 400.00 954.31 GAN EN-119709 1 400.00 English Books

© Delhi Public Library
Hit Counter
free hit counter